000
00295nam a2200121Ia 4500
008
220120s9999||||xx |||||||||||||| ||und||
020
_a
9789352544486
082
_a
621.382 FEH
100
_a
Feher, Kamilo
245
0
_a
Wireless digital communications
260
_b
Pengo
300
_a
260p.
_b
178
999
_c
136330
_d
136330